Länder mit den meisten gleichen Buchstaben A-Z - Statistiken

Allgemein
  • Dieses Quiz wurde 461 mal gespielt
    40 seit der letzten Aktualisierung
  • Das Durchschnittsergebnis liegt bei 14 aus 26
Antworten auf der Karte
Die Antworten werden auf der Karte rot bzw. grün angezeigt, abhängig davon wie oft sie richtig erraten wurden.
 
Antwortstatistiken
Buchstabe Land % Korrekt
Y Ägypten, Guyana, Libyen, Malaysia, Myanmar, Paraguay, Seychellen, Syrien, Uruguay, Zypern
96%
Z Zentralafrikanische Republik, Zypern, Venezuela
92%
F Fidschi, Finnland, Frankreich, F.S. Mikronesien | +4
76%
V Vanuatu, Vatikanstadt, Venezuela, +4
76%
U Antigua und Barbuda, Uruguay, Papua-Neuguinea
72%
D Deutschland, Niederlande, Nordmazedonien, Südsudan, Trinidad u. Tobago
72%
A Äquatorialguinea, Madagaskar, Antigua und Barbuda
68%
S Aserbaidschan, Kirgisistan, Marshallinseln, Südsudan, Tadschikistan
68%
J Jamaika, Japan, Jemen, Jordanien
68%
W Bosnien u. H., Malawi, Norwegen, Schweden, Schweiz, Simbabwe, Slowenien, Slowakei, Moldawien
64%
K Marokko, DR Kongo, R Kongo, Zentralafrikanische Republik, Dominikanische Republik
64%
C Tschechien, Costa Rica
64%
B Simbabwe, Antigua und Barbuda, Barbados
60%
E Vereinigte Arabische Emirate
60%
G Georgien
56%
X Mexiko, Luxemburg
56%
P Philippinen
56%
H Tschechien
52%
M Mosambik, Myanmar
48%
L Marshallinseln
40%
R Zentralafrikanische Republik, Vereinigte Arabische Emirate
36%
Q Äquatorialguinea
32%
O Kosovo, DR Kongo
32%
N Bosnien und Herzegowina
24%
T Vatikanstadt, St. Kitts und Nevis
16%
I Vereinigtes Königreich, Vereinigte Arabische Emirate, Dominikanische Republik
0%
Keine übereinstimmenden Quizze gefunden
Verteilung der Resultate
Anzahl Personen mit jedem Resultat
Perzentil nach korrekt beantworteten Fragen
Ihre Resultats-Entwicklung
Sie haben dieses Quiz seit der letzten Aktualisierung nicht gespielt